01043naa a2200241Ia 4500003000400000005001700004008004100021020002200062040002600084082001300110083001200123099000900135100003700144245004500181264006300226300000800289520029400297650002400591658003600615942001200651999001500663952012300678OSt20251112085523.0200107s2018 xx 000 0 und d a978-971-07-4236-3 cFoundation University a300bSa5 a300 Sa5 a16631 aSan Juan, David Michael M.9355810aJourneys through our contemporary world. aQuezon City, PhilippinesbVibal Group, Inc., c2018.42018 a186 aA complete resource material for teachers and students of the subject contemporary world, a required core course under the new General Education Curriculum developed by the Commission on higher Education (CHED), and aligned with the objectives of the Philippine governments' Kto12 program. aGlobalization91854 bThe Contemporary WorldcHUM 104 2ddccBK c1663d1663 00102ddc4070aFOUNDATIONbFOUNDATIONcFILd2018-08-23eDonatedo300 Sa5p61302r2022-02-23 00:00:00w2022-02-23yBK